01025nam a22001697a 4500003000400000005001700004008004100021020001800062041000800080082001700088100001500105245004600120260005700166300001100223500060700234610001400841OSt20260127155128.0260127b |||||||| |||| 00| 0 eng d a9789366164076 aEng 23rda301/SRE aSREEVANI R aApplied Sociology for Nurses (Semester-1) aNew DelhibJaypee Brothers Medical Publishers c2025 aP. 260 aA comprehensive textbook compiled to meet the requirements as per revised nursing syllabus. Written in easy-to-understand language following a lucid style. Comprehensively covers all basic principles of sociology with nursing implications. Well-illustrated with figures, tables and boxes making it reader friendly. Question bank provided at the end of each chapter to improve self-evaluation and robustness in various examinations. A life-long companion for basic nursing students and all healthcare professionals. Serves as a resource material for those taking up examinations and career in Sociology. aSociology